<?xml version="1.0" encoding="UTF-8"?>
<record
    xmlns:xsi="http://www.w3.org/2001/XMLSchema-instance"
    xsi:schemaLocation="http://www.loc.gov/MARC21/slim http://www.loc.gov/standards/marcxml/schema/MARC21slim.xsd"
    xmlns="http://www.loc.gov/MARC21/slim">

  <leader>00900nam a22002657a 4500</leader>
  <controlfield tag="003">DO-SdBNP</controlfield>
  <controlfield tag="005">20250730115607.0</controlfield>
  <controlfield tag="007">ta</controlfield>
  <controlfield tag="008">210615e2017    dr ||||er|||| 001 pdspa d</controlfield>
  <datafield tag="020" ind1=" " ind2=" ">
    <subfield code="a">9789945168648</subfield>
  </datafield>
  <datafield tag="040" ind1=" " ind2=" ">
    <subfield code="a">DO-SdBNP</subfield>
    <subfield code="b">spa</subfield>
    <subfield code="c">BNPHU</subfield>
  </datafield>
  <datafield tag="082" ind1=" " ind2="4">
    <subfield code="2">22</subfield>
    <subfield code="b">L431e</subfield>
  </datafield>
  <datafield tag="100" ind1="1" ind2=" ">
    <subfield code="9">25417</subfield>
    <subfield code="a">Lazala Calder&#xF3;n, B&#xE9;lgica Argentina,</subfield>
    <subfield code="d">1949-</subfield>
  </datafield>
  <datafield tag="245" ind1="1" ind2="0">
    <subfield code="a">Entre dos generaciones /</subfield>
    <subfield code="c">B&#xE9;lgica A. Lazala Calder&#xF3;n, Dannis Jhoel,Fabi&#xE1;n Lazala; pr&#xF3;logo, Mirian Jos&#xE9;</subfield>
  </datafield>
  <datafield tag="260" ind1=" " ind2=" ">
    <subfield code="a">Santo Domingo :</subfield>
    <subfield code="b">B&#xFA;ho,</subfield>
    <subfield code="c">2017</subfield>
  </datafield>
  <datafield tag="300" ind1=" " ind2=" ">
    <subfield code="a">71 p. ;</subfield>
    <subfield code="c">21 cm.</subfield>
  </datafield>
  <datafield tag="500" ind1=" " ind2=" ">
    <subfield code="a">Incluye datos biogr&#xE1;ficos de los autores en las solapa de las cubiertas.</subfield>
  </datafield>
  <datafield tag="590" ind1=" " ind2=" ">
    <subfield code="a">Inventariado, 2021/MF</subfield>
  </datafield>
  <datafield tag="650" ind1=" " ind2="0">
    <subfield code="a">Literatura dominicana.</subfield>
    <subfield code="9">67</subfield>
    <subfield code="x">Poes&#xED;a</subfield>
  </datafield>
  <datafield tag="650" ind1=" " ind2=" ">
    <subfield code="9">66</subfield>
    <subfield code="a">Poes&#xED;a dominicana</subfield>
  </datafield>
  <datafield tag="700" ind1="1" ind2=" ">
    <subfield code="a">Dannis Jhoel, Fabi&#xE1;n Lazala</subfield>
    <subfield code="9">78858</subfield>
  </datafield>
  <datafield tag="700" ind1="1" ind2=" ">
    <subfield code="a">Jos&#xE9;, Mirian</subfield>
    <subfield code="e">pr&#xF3;l</subfield>
    <subfield code="9">83085</subfield>
  </datafield>
  <datafield tag="910" ind1=" " ind2=" ">
    <subfield code="a">MFeliz</subfield>
  </datafield>
  <datafield tag="942" ind1=" " ind2=" ">
    <subfield code="2">ddc</subfield>
    <subfield code="c">LBS1</subfield>
  </datafield>
  <datafield tag="952" ind1=" " ind2=" ">
    <subfield code="0">0</subfield>
    <subfield code="1">0</subfield>
    <subfield code="2">ddc</subfield>
    <subfield code="5">1</subfield>
    <subfield code="7">0</subfield>
    <subfield code="8">PD</subfield>
    <subfield code="a">BNPHU</subfield>
    <subfield code="b">BNPHU</subfield>
    <subfield code="c">CT</subfield>
    <subfield code="d">2018-06-29</subfield>
    <subfield code="e">Dep&#xF3;sito Legal</subfield>
    <subfield code="o">L431e</subfield>
    <subfield code="p">2021-2054</subfield>
    <subfield code="r">2021-06-15</subfield>
    <subfield code="w">2021-06-15</subfield>
    <subfield code="y">LBS1</subfield>
  </datafield>
  <datafield tag="952" ind1=" " ind2=" ">
    <subfield code="0">0</subfield>
    <subfield code="1">0</subfield>
    <subfield code="2">ddc</subfield>
    <subfield code="5">1</subfield>
    <subfield code="7">0</subfield>
    <subfield code="8">PD</subfield>
    <subfield code="a">BNPHU</subfield>
    <subfield code="b">BNPHU</subfield>
    <subfield code="c">CT</subfield>
    <subfield code="d">2018-06-29</subfield>
    <subfield code="e">Dep&#xF3;sito Legal</subfield>
    <subfield code="o">L431e</subfield>
    <subfield code="p">2021-2055</subfield>
    <subfield code="r">2021-06-15</subfield>
    <subfield code="t">e.2</subfield>
    <subfield code="w">2021-06-15</subfield>
    <subfield code="y">LBS1</subfield>
  </datafield>
  <datafield tag="952" ind1=" " ind2=" ">
    <subfield code="0">0</subfield>
    <subfield code="1">0</subfield>
    <subfield code="2">ddc</subfield>
    <subfield code="5">6</subfield>
    <subfield code="7">0</subfield>
    <subfield code="8">DS</subfield>
    <subfield code="a">BNPHU</subfield>
    <subfield code="b">BNPHU</subfield>
    <subfield code="c">CT</subfield>
    <subfield code="d">2018-06-29</subfield>
    <subfield code="e">Dep&#xF3;sito Legal</subfield>
    <subfield code="o">L431e</subfield>
    <subfield code="p">2021-2056</subfield>
    <subfield code="r">2021-06-15</subfield>
    <subfield code="t">e.3</subfield>
    <subfield code="w">2021-06-15</subfield>
    <subfield code="y">LBS1</subfield>
  </datafield>
  <datafield tag="952" ind1=" " ind2=" ">
    <subfield code="0">0</subfield>
    <subfield code="1">0</subfield>
    <subfield code="2">ddc</subfield>
    <subfield code="5">6</subfield>
    <subfield code="7">0</subfield>
    <subfield code="8">DS</subfield>
    <subfield code="a">BNPHU</subfield>
    <subfield code="b">BNPHU</subfield>
    <subfield code="c">CT</subfield>
    <subfield code="d">2022-09-13</subfield>
    <subfield code="o">L431e</subfield>
    <subfield code="p">2022-3916</subfield>
    <subfield code="r">2022-09-13</subfield>
    <subfield code="t">e.4</subfield>
    <subfield code="w">2022-09-13</subfield>
    <subfield code="y">LBS1</subfield>
  </datafield>
  <datafield tag="952" ind1=" " ind2=" ">
    <subfield code="0">0</subfield>
    <subfield code="1">0</subfield>
    <subfield code="2">ddc</subfield>
    <subfield code="5">6</subfield>
    <subfield code="7">0</subfield>
    <subfield code="8">DS</subfield>
    <subfield code="a">BNPHU</subfield>
    <subfield code="b">BNPHU</subfield>
    <subfield code="c">CT</subfield>
    <subfield code="d">2021-11-29</subfield>
    <subfield code="e">Domado por B&#xE9;lgica A. Lozada Calder&#xF3;n</subfield>
    <subfield code="l">0</subfield>
    <subfield code="o">L431e</subfield>
    <subfield code="p">2023-0743</subfield>
    <subfield code="r">2023-02-07</subfield>
    <subfield code="t">e.5</subfield>
    <subfield code="w">2023-02-07</subfield>
    <subfield code="y">LBS1</subfield>
  </datafield>
  <datafield tag="999" ind1=" " ind2=" ">
    <subfield code="c">49926</subfield>
    <subfield code="d">49926</subfield>
  </datafield>
</record>
